Материалы межрегиональной конференции "Духовные пастыри малой Родины: святые новомученики и исповедники Церкви Русской" в рамках международной православной выставки-ярмарки "Мир и клир" в Рыбинске, г. Рыбинск, 14-15 сентября 2017 г. (Запись № 11508496)

Подробности
000 -МАРКЕР
контрольное поле 02078nam0a2200361 i 4500
001 - ИДЕНТИФИКАТОР ЗАПИСИ
контрольное поле RU\NLR\BIBL_A\012338509
005 - ИДЕНТИФИКАТОР ВЕРСИИ
контрольное поле 20241103115416.0
035 ## - ДРУГИЕ СИСТЕМНЫЕ НОМЕРА
Идентификатор записи (NLR Aleph) 012338509
100 ## - ДАННЫЕ ОБЩЕЙ ОБРАБОТКИ
Данные общей обработки 20200916d2017 km y0rusy50 ca
101 0# - ЯЗЫК РЕСУРСА
Язык текста, звукозаписи и т.д. русский
102 ## - СТРАНА ПУБЛИКАЦИИ ИЛИ ПРОИЗВОДСТВА
Страна публикации Российская Федерация
105 ## - ПОЛЕ КОДИРОВАННЫХ ДАННЫХ: ТЕКСТОВЫЕ МАТЕРИАЛЫ, МОНОГРАФИЧЕСКИЕ
Кодированные данные о монографическом текстовом документе ach|z|||100zy
181 #0 - ПОЛЕ КОДИРОВАННЫХ ДАННЫХ: ВИД СОДЕРЖАНИЯ
Код вида содержания (ISBD) i
Код характеристики содержания (ISBD) axxe
182 #0 - ПОЛЕ КОДИРОВАННЫХ ДАННЫХ: ТИП СРЕДСТВА
Код типа средства (ISBD) n - непосредственное
200 1# - ЗАГЛАВИЕ И СВЕДЕНИЯ ОБ ОТВЕТСТВЕННОСТИ
Основное заглавие Материалы межрегиональной конференции "Духовные пастыри малой Родины: святые новомученики и исповедники Церкви Русской" в рамках международной православной выставки-ярмарки "Мир и клир" в Рыбинске, г. Рыбинск, 14-15 сентября 2017 г.
203 ## - ВИД СОДЕРЖАНИЯ И ТИП СРЕДСТВА
Вид содержания Текст
Дополнительные сведения об издании визуальный
Тип средства непосредственный
210 ## - ПУБЛИКАЦИЯ, РАСПРОСТРАНЕНИЕ И ДР.
Место издания, распространения и т.д. Москва
Имя издателя, распространителя и т. д. ВК "Узорочье"
Дата издания, распространения и т.д. 2017
215 ## - ФИЗИЧЕСКАЯ ХАРАКТЕРИСТИКА
Специфическое обозначение материала и объем 62 с.
Другие сведения о физической характеристике ил., портр., факс.
Размеры 30
320 ## - ПРИМЕЧАНИЯ О НАЛИЧИИ В ДОКУМЕНТЕ БИБЛИОГРАФИИ / УКАЗАТЕЛЯ
Текст примечания Библиогр. в конце ст.
606 1# - НАИМЕНОВАНИЕ ТЕМЫ КАК ПРЕДМЕТ
Наименование темы Святые православные русские
Формальный подзаголовок Съезды, совещания и т.п
Системный номер авторитетной/нормативной записи 2175888
Идентификатор авторитетной/нормативной записи RU\NLR\AUTH\661308671
606 ## - НАИМЕНОВАНИЕ ТЕМЫ КАК ПРЕДМЕТ
Наименование темы Духовенство православное
Формальный подзаголовок Съезды, совещания и т.п
Тематический подзаголовок Репрессии
Хронологический подзаголовок 20 в.
Системный номер авторитетной/нормативной записи 2356112
Идентификатор авторитетной/нормативной записи RU\NLR\AUTH\6601629923
686 2# - ИНДЕКСЫ ДРУГИХ КЛАССИФИКАЦИЙ
Индекс Э372.24-574.3я431
686 2# - ИНДЕКСЫ ДРУГИХ КЛАССИФИКАЦИЙ
Индекс Э372.24-37-63я431
710 12 - НАИМЕНОВАНИЕ ОРГАНИЗАЦИИ - ПЕРВИЧНАЯ ОТВЕТСТВЕННОСТЬ
Начальный элемент ввода "Духовные пастыри малой Родины: святые новомученики и исповедники Церкви Русской", межрегиональная конференция
Место проведения временной организации Рыбинск
Дата проведения временной организации 2017
Системный номер авторитетной/нормативной записи 715679
Идентификатор авторитетной/нормативной записи RU\NLR\AUTH\880527019
711 12 - НАИМЕНОВАНИЕ ОРГАНИЗАЦИИ - АЛЬТЕРНАТИВНАЯ ОТВЕТСТВЕННОСТЬ
Начальный элемент ввода "Мир и клир", международная православная выставка-ярмарка
Порядковый номер временной организации и / или порядковый номер ее части 1
Место проведения временной организации Рыбинск
Дата проведения временной организации 2017
Системный номер авторитетной/нормативной записи 715682
Идентификатор авторитетной/нормативной записи RU\NLR\AUTH\880527021
942 ## - ДОПОЛНИТЕЛЬНЫЕ ЭЛЕМЕНТЫ ЗАПИСИ (АБИС)
Тип экземпляра АБИС Книга
980 ## - КОЛЛЕКЦИЯ
Название коллекции НБР

Нет доступных экземпляров.